00487nam a2200145 a 450000100100000000500170001000800410002704000250006824500480009326000490014130000200019004900090021095201050021999900170032400003130620200930062835.0100205s1999 dr 000 0 spa d aDO-SdBNPbengcBNPHU00aDoing business in the Dominican Republic /. aSanto Domingo :bPellerano & Herrera,c1999. a95 p. ;c28 cm. aBNPD 0010718PDaPDbPDcCTd2011-06-17iLF1l0o p31306-10r2020-06-25w2020-06-25yLFPDZNo se presta c30798d30798